000 00594nam a2200205Ia 4500
005 20250326144343.0
008 250326s9999 xx 000 0 und d
020 _a978-1-84720-215-4
037 _aTextbook
040 _aFMSL
_beng
_cFMSL
041 _aeng
_2eng
084 _aX:8D P7
_qFMSL
100 _aMasciandaro D
_9749525
245 0 _aBlack fice :Economics of money loundering
_cMasciandaro D; Takats E And Others
260 _aUSA
_bUSA, Edward Elger
_c2008
300 _axx,257
365 _b3535.2730000000001
942 _cTB
_hX:8D P7
999 _c1303412
_d1303412